Koncepčné prístupy k investičnému rozhodovaniu v podmienkach nového mechanizmu riadenia národného hospodárstva 3. etapa riešenia čiastkovej úlohy SPEV 902-533-402/02

Saved in:
Bibliographic Details
Format: Book
Language:Slovak
Published: Bratislava VŠE 1988
Tags: Add Tag
No Tags, Be the first to tag this record!

MARC

LEADER 00000nam a2200000 4500
001 c030139
005 20260325121458.2
041 0 |a slo 
044 |a SK 
245 1 0 |a Koncepčné prístupy k investičnému rozhodovaniu v podmienkach nového mechanizmu riadenia národného hospodárstva  |b 3. etapa riešenia čiastkovej úlohy SPEV 902-533-402/02 
264 1 |a Bratislava  |b VŠE  |c 1988 
300 |a 68 s.